000 00653nam a2200229Ia 4500
003 OSt
005 20221007071134.0
006 a|||||r|||| 00| 0
007 ta
008 221006b |||||||| |||| 00| 0 eng d
024 _a19,679
037 _cTextual
040 _aFLL
_cFLL
_beng
041 _2eng
_aeng
082 _aZ1:95, K8
100 _aHaesler T. Au.
_9688211
245 0 _aExhaustion of local remedies in the case law of international courts and tribunals
260 _aLeyden
_bA.W. Sijthoff Netherlands
_c1968
300 _a164p
_ccm.
942 _hZ1:95, K8
_cTEXL
_2CC
999 _c1142556
_d1142556